| 000 | 01083cam a2200289Ia 4500 | ||
|---|---|---|---|
| 008 | |||
| 020 | _a0850928354 (pbk.) | ||
| 049 | _aMAIN | ||
| 090 |
_aHC59.7 _bEUR |
||
| 245 | 1 | 0 |
_aThe European development fund and economic partnership agreements / _cedited by Roman Grynberg and Alice Clarke. |
| 260 |
_aLondon : _bCommonwealth Secretariat, _c2006. |
||
| 300 |
_avi, 161 p. : _bill. ; _c24 cm. |
||
| 490 | 1 |
_aEconomic paper; _vno. 75. |
|
| 504 | _aIncludes bibliographical references. | ||
| 610 | 2 | 0 | _aEuropean Development Fund. |
| 650 | 0 |
_aEconomic assistance, European _zDeveloping countries. |
|
| 651 | 0 |
_aEuropean Union countries _xForeign economic relations _zDeveloping countries. |
|
| 651 | 0 |
_aDeveloping countries _xForeign economic relations _zEuropean Union countries. |
|
| 651 | 0 |
_aDeveloping countries _xEconomic policy. |
|
| 700 | 1 | _aClarke, Alice. | |
| 700 | _aGrynberg, Roman. | ||
| 907 |
_a.b10337568 _b06-12-13 _c12-11-13 |
||
| 003 | |||
| 005 | 20230123122040.0 | ||
| 040 | _cNUST | ||
| 942 |
_cBOOKS _kHC59.7 _mEUR |
||
| 999 |
_c126914 _d126914 |
||